Ailede etkileşim (Record no. 1662)

MARC details
000 -BAŞLIK
Sabit Uzunlukta Kontrol Alanı 00693na a2200241 4500
001 - KONTROL NUMARASI
Denetim Alanı 13611
003 - KONTROL NUMARASI IDENTIFIER
Denetim Alanı MIRAKIL
005 - SON İŞLEM TARİHİ VE ZAMANI
Denetim Alanı 20181213154830.0
008 - SABİT-BOY VERİ ELEMANLARI - GENEL BİLGİLER
Sabit Uzunlukta Kontrol Alanı 161102b tu 000 0
035 ## - SİSTEM KONTROL NUMARASI
Sistem Kontrol Numarası 13611
040 ## - KATALOGLAMA KAYNAK
Orijinal Kataloglama Ajansı Milas
Kataloglama Dili tur
Metne Dönüştürmek Ajansı TR-AnCHP
082 ## - DEWEY ONLU SINIFLANDIRMA NUMARASI
Sınıflandırma Numarası 306.87
Ürün Numarası A54 1993
090 ## - SINIFLAMA NUMARASI
Sınıflama Numarası 306.87 A54 1993
245 ## - BAŞLIK TABLOSU
Başlık Ailede etkileşim
Başlığın Kalan (anne-baba okulu)
Sorumluluk Tablosu, Vb yayına hazırlayan; Berrin Delikçi
246 ## - UNVAN FORM VARYING
Başlık Doğru / Kısa Başlığı Anne-baba okulu
260 ## - YAYIN, DAĞITIM, VB
Yayın, Dağıtım, Vb Yeri İzmir
Yayıncı, Dağıtıcı, Vs Adı Bornova Belediyesi Kadın Danışma Merkezi
Yayın, Dağıtım, Vb Tarihi 1993
300 ## - FİZİKSEL TANIM
Kapsam iv, 267 s.
Boyutlar 19 sm.
650 ## - KONU KATMA GİRİŞ - TOPİKAL DÖNEM
Topikal Süreli Veya Coğrafi Ad Giriş Elemanı Anababa ve çocuklar
Genel Alt Bölümü İletişim
650 ## - KONU KATMA GİRİŞ - TOPİKAL DÖNEM
Topikal Süreli Veya Coğrafi Ad Giriş Elemanı İletişim, Ailede
650 ## - KONU KATMA GİRİŞ - TOPİKAL DÖNEM
Topikal Süreli Veya Coğrafi Ad Giriş Elemanı Aile
700 ## - KATMA GİRİŞ - KİŞİSEL İSİM
Kişisel Ad Delikçi, Berrin
942 ## - EKLENDİ GİRİŞ ELEMANLARI (KOHA)
Sınıflandırma Veya Raf Düzeni Kaynak Dewey Decimal Classification
Koha Öğesi Türü Books
999 ## - SİSTEM KONTROL NUMARALARI (KOHA)
Koha Biblionumber 1662
Koha Biblioitemnumber 1662
Holdings
Kalıcı Konum Mevcut Konum Edinme Tarihi Edinim Kaynak Toplam Check-Out'Lar Tam Çağrı Numarası Barkod Tarih Son Görülme İtibaren Geçerli Fiyatlar Koha Öğesi Türü
CHP Kütüphanesi CHP Kütüphanesi 08/15/2016 Bağış   306.87 A54 1993 001026 08/15/2016 08/15/2016 Books